000 00865nas a2200277 4500
001 BR0704093
003 BR-BrBNA
005 20231205111048.0
007 ta
008 230509b bl.|||p| |||| 00| 00por d
040 _aBR-BrBNA
_bpor
_cBiblioteca Nacional de Agricultura
041 _a(Pt)
072 _aS30
100 1 _aChaves, M.G. de
100 1 _aMello, M.A.R. de
245 1 _aMetabolismo glicídico em músculo estriado esquelético de ratos em repouso submetidos à retrição proteica alimentar
650 _aDEFICIENCIA NUTRICIONAL
650 _aPROTEÍNA
650 _aRATO
650 _aMETABOLISMO
650 _aMÚSCULO
650 _aEXPERIENCIA EM LABORATORIO
773 0 _tAlimentos e Nutrição (Brazil)
_xISSN 0103-4235
_g(2003), v. 14(1) p. 97-101
_wBR0704093
909 _a202311
_bLúcia
_c55
_dLúcia Elande
942 _2AGRIS
_n0
_cANA
999 _c190413
_d190413